LEADER 01319nam a2200301 a 4500 001 000000130889 003 CaOOAMICUS 005 20121010115553.0 008 121010s2012 enka u000 u eng r 020 $z9780230246270* 040 $aPUL$bita 082 04$a303.3 245 00$aJustifying war :$bpropaganda, politics and the modern age /$cedited by David Welch, edited by Jo Fox. 260 $aHoundmills :$bPalgrave Macmillan,$cİ2012. 300 $axv, 397 p. :$bill. ;$c23 cm 504 $aInclude riferimenti bibliografici. 650 4$aGuerra$xAspetti sociali.$0(OLS)http://pul/subject/36179 650 4$aPropaganda politica e comunicazione.$0(OLS)http://pul/subject/37313 700 1 $aFox, Jo.$0(OLS)http://pul/name/83918 700 1 $aWelch, David.$0(OLS)http://pul/name/83919 850 $aPUL 852 $aPUL$W1$xSL Diritto e Scienze Sociali 3$y79$m303. 3 WELDA 1$j151291$qDDC 21$B150038$CPULBib$Z2$F150038 $H121003 $82 941 1 $a9 996 $6020$z9780230246270*$9(OLS)http://pul/number/150855 996 $6082$a303.3$9(OLS)http://pul/classification/1730 996 $6245$aJustifying war :$bpropaganda, politics and the modern age$9(OLS)http://pul/title/165411 996 $6260$aHoundmills :$bPalgrave Macmillan$9(OLS)http://pul/publisher/75862 LEADER 00942nam a2200253 u 4500 001 000000090025 003 CaOOAMICUS 005 20070226124659.0 008 051205s1965 it u000 u ita u 035 $a11071351 040 $aPUL(R)$bita 245 00$a[Cassetta delle risposte]. 250 $a2. ed. 260 $aTorino :$bMeridiano 12,$c1965. 300 $av. < 2> ;$c19 cm 490 1 $aLibri di Meridiano 12 ;$v2 505 1 $av. 2. Problemi dei giovani. 650 4$aGiovani ed educazione religiosa.$0(OLS)http://pul/subject/28132 830 0$aLibri di Meridiano 12 ;$v2.$0(OLS)http://pul/title/116275 850 $aPUL 852 $aPUL$W1$xDP1 Fondo Pastorale$y55$mP15 C 30$j113698$nBK-PRI$b $qFondi$B113698$CPULBib$Z2$F113698 $HPUL58448 $81 941 1 $a1 996 $6245$a[Cassetta delle risposte]$9(OLS)http://pul/title/116274 996 $6260$aTorino :$bMeridiano 12$9(OLS)http://pul/publisher/60241